000 00944nmm a2200361 a 4500
003 AR-BaBNM
005 20251128210314.0
008 099119s1996 ||||||||||||||000 | spa||
020 _a950-9896-85-3
040 _cAR-BaBNM
100 1 _aFontana, Beatriz
245 1 0 _aIda y vuelta
_n1
250 _a1ª ed.
260 _aBuenos Aires
_bEdiciones Docentes Argentinas
_c1996
300 0 _a253 p.
_bil.
600 1 4 _aBruner, Jerome S.
600 0 4 _aVygotsky
600 1 4 _aAusubel, David P.
600 1 4 _aColl, César
650 4 _aPSICOLOGIA DEL NINO
650 4 _aJUEGOS EDUCATIVOS
650 4 _aROL DEL DOCENTE
650 4 _aAPRENDIZAJE PREESCOLAR
650 4 _aEDUCACION MORAL
650 4 _aPROCESO DE APRENDIZAJE
653 0 _aEDUCACION INICIAL
653 0 _aCONTENIDOS CURRICULARES
653 0 _aLECTOESCRITURA
700 1 _aLaviero, Delia
700 1 _aVidaurreta, Adriana
942 _cBK
998 _cCarmen
999 _c14878
_d14878